• 首页
  • 本馆介绍
  • 公告通知
  • 最新文献
  • 馆藏检索
  • 电子资源
  • 读者导购
  • 参考咨询
  • 我的图书馆
  • 登录
  • 详细信息显示
  • 放入我的书架
  • 预约/预借图书
  • 作者相关作品
  • 分类相关作品
  • 丛书相关作品
  • 出版社相关作品

书目信息

  • 表格格式
  • 工作单格式
  • 卡片格式
题名:
永恒的魅力
    
 
作者: 晓凯 著
分册:  
出版信息: 长春   吉林美术出版社  1999.01
页数: 157页
开本: 19cm
丛书名:
单 册:
中图分类: J110.954
科图分类:
主题词: 艺术--世界 , 美术--世界
电子资源:
ISBN: 7-5386-0747-1
000 00666nam0 2200229 450
001 0432429804
005 20040408090030.09
010    @a7-5386-0747-1@dCNY15.00
100    @a20040408d1999 km y0chiy0120 ea
101 0  @achi
102    @aCN@b220000
200 1  @a永恒的魅力@e古希腊罗马美术@Ayong heng de mei li@f晓凯等著@Fxiao kai deng zhu
210    @a长春@c吉林美术出版社@d1999.01
215    @a157页@c图@d19cm
300    @a世界艺术教育文库
517 1  @a古希腊罗马美术@Agu xi la luo ma mei shu
606 0  @a艺术@x世界
606 0  @a美术@x世界
690    @aJ110.954@v4
701  0 @a晓凯@Axiao kai@4著
801  0 @aCN@bPFT@c20040408
905    @aBZT@dJ110.954@e1@f8
    
    永恒的魅力:古希腊罗马美术/晓凯等著.-长春:吉林美术出版社,1999.01
    157页:图;19cm
    世界艺术教育文库
    
    ISBN 7-5386-0747-1:CNY15.00
    
●
相关链接 在五车中查询图书 在当当中查询图书 在豆瓣中查询图书


正题名:永恒的魅力     索取号:J110.954/1         预约/预借

序号 登录号 条形码 馆藏地/架位号 状态 备注
1 2001740859   2001740859   样本书库/样005架B面4层3列/ [索取号:J110.954/1] 在馆    
2 362344   230079461   中心书库中库/ 中库016架A面3列5层11/ [索取号:J110.954/1] 在馆    
3 362345   230079459   中心书库中库/ 中库016架A面3列5层8/ [索取号:J110.954/1] 在馆    
4 362347   230079457   中心书库中库/ 中库016架A面3列5层10/ [索取号:J110.954/1] 在馆    
5 362348   230079455   中心书库中库/ 中库016架A面3列5层13/ [索取号:J110.954/1] 在馆    
6 362349   230079446   中心书库中库/ 中库016架A面3列5层9/ [索取号:J110.954/1] 在馆    
7 362350   230079448   中心书库中库/ 中库016架A面3列5层7/ [索取号:J110.954/1] 在馆    
山东省滨州职业学院图书馆 欢迎您!
大连网信软件有限公司© 版权所有